• 首页
  • 本馆介绍
  • 公告通知
  • 最新文献
  • 馆藏检索
  • 电子资源
  • 读者导购
  • 参考咨询
  • 我的图书馆
  • 登录
  • 详细信息显示
  • 放入我的书架
  • 预约/预借图书
  • 作者相关作品
  • 分类相关作品
  • 丛书相关作品
  • 出版社相关作品

书目信息

  • 表格格式
  • 工作单格式
  • 卡片格式
题名:
荒诞而迷人的游戏
    
 
作者: 李森 著
分册:  
出版信息: 上海   学林出版社  2004
页数: 260页
开本: 23cm
丛书名:
单 册:
中图分类: I106 , K815.6=5 , K815
科图分类:
主题词: 文学研究--西方国家--20世纪 , 作家--人物研究--西方国家--20世纪 , 文学研究 , 作家 , 传记
电子资源:
ISBN: 7-80668-699-1
000 01017nam0 2200301 450
001 1556396311
005 20150121154041.45
010    @a7-80668-699-1@dCNY22.00
100    @a20040713d2004 em y0chiy50 ea
101 0  @achi
102    @aCN@b310000
105    @aa z 000yd
200 1  @a荒诞而迷人的游戏@9huang dan er mi ren de you xi@e20世纪西方文学大师、经典作品重读@f李森著
210    @a上海@c学林出版社@d2004
215    @a260页@c照片,图@d23cm
330    @a本书是对20世纪西方文学、文学人物的研究,对作者眼中的文学大师卡夫卡、加缪、马尔克斯等进行了人物、文本的解读。
517 1  @a20世纪西方文学大师、经典作品重读@920 shi ji xi fang wen xue da shi 、 jing dian zuo pin chong du
606 0  @a文学研究@y西方国家@z20世纪
606 0  @a作家@x人物研究@y西方国家@z20世纪
606 0  @a文学研究
606 0  @a作家
606 0  @a传记
690    @aI106@v5
690    @aK815.6=5@v5
690    @aK815@v4
701  0 @a李森@9li sen@f(1966.11~)@4著
801  0 @aCN@bTSSF@c20150121
905    @aZUCC@dK815@eJY50
    
    荒诞而迷人的游戏:20世纪西方文学大师、经典作品重读/李森著.-上海:学林出版社,2004
    260页:照片,图;23cm
    
    
    ISBN 7-80668-699-1:CNY22.00
    本书是对20世纪西方文学、文学人物的研究,对作者眼中的文学大师卡夫卡、加缪、马尔克斯等进行了人物、文本的解读。
●
相关链接 在E读中查询图书 在五车中查询图书 在当当中查询图书 在豆瓣中查询图书


正题名:荒诞而迷人的游戏     索取号:K815/JY50         预约/预借

序号 登录号 条形码 馆藏地/架位号 状态 备注
1 7856157   278561575   学院路分馆/ [索取号:K815/JY50] 在馆    
2 7856158   278561584   学院路分馆/ [索取号:K815/JY50] 在馆    
3 7856159   278561593   学院路分馆/ [索取号:K815/JY50] 在馆    
4 7856160   278561600   学院路分馆/ [索取号:K815/JY50] 在馆    
唐山师范学院图书馆 欢迎您!
大连网信软件有限公司© 版权所有